Sports Quiz

Random Sports or Basketball Quiz

Athletes by Biography Title Quiz Stats

 Plays Quiz Updated Sep 13, 2019

Support Sporcle.
Go Orange.
Score 0/24 Timer 05:00
6 Plays Today
% Correct
Michael Phelps
89.9%
Usain Bolt
88.7%
Venus & Serena Williams
88.7%
Wayne Gretzky
86.7%
LeBron James
86.3%
Larry Bird
85.2%
Nadia Comăneci
84%
Tony Hawk
83.8%
Peyton Manning
82.7%
Tiger Woods
82.6%
Jesse Owens
80.7%
Jackie Robinson
80.5%
% Correct
Tonya Harding
79.6%
Shaquille O'Neal
79%
Babe Ruth
78.4%
Michael Jordan
78.1%
Lisa Leslie
74.7%
Hank Aaron
74.5%
Shaun White
74.2%
Dale Earnhardt
74.2%
Walter Payton
73.5%
Wilma Rudolph
68.4%
Arnold Palmer
68.2%
Billie Jean King
66.3%

You're not logged in!

Compare scores with friends on all Sporcle quizzes.
OR
Log In

From the Vault

Lord of the Rings Limericks

by sepia_apama

There once was a hobbit named Frodo...
Remove Ads.
Support Sporcle.
Get the best of Sporcle when you Go Orange. This ad-free experience offers more features, more stats, and more fun while also helping to support Sporcle. Thank you for becoming a member.

Show Comments

Extras

Top Quizzes Today


Score Distribution

Your Account Isn't Verified!

In order to create a playlist on Sporcle, you need to verify the email address you used during registration. Go to your Sporcle Settings to finish the process.

Report this User

Report this user for behavior that violates our Community Guidelines.

Details: